| 000 | 00959nam a2200265 a 4500 | ||
|---|---|---|---|
| 999 |
_c704 _d704 |
||
| 003 | AR-BaISA | ||
| 005 | 20220512163201.0 | ||
| 007 | ta | ||
| 008 | 191204s2018 ag ||||| |||| 00| 0 spa d | ||
| 020 | _a9789501201963 | ||
| 040 | _cAR-BaISA | ||
| 082 | 0 | 4 |
_222 _a371.1 D29 |
| 100 | 1 | 0 |
_9794 _aDavini, María Cristina _eaut. |
| 245 | 1 | 3 |
_aLa formación en la práctica docente / _cMaría Cristina Davini |
| 260 |
_aBuenos Aires: _bPaidós, _c2018 |
||
| 300 | _a186 p. | ||
| 490 | 1 | _aVoces de la educación | |
| 504 | _aBibliografía p.: 177-186 | ||
| 505 |
_tAcerca de la formación y la práctica docente -- _tLa didáctica y la práctica docente -- _tLas prácticas docentes en acción -- _tCriterios y estrategias pedágogicas de formación -- _tEducación permanente en las prácticas |
||
| 650 | 1 | 4 |
_9290 _aDocencia |
| 650 | 1 | 4 |
_91191 _aFormación de docentes |
| 650 | 1 | 4 |
_9287 _aEducación |
| 830 | 0 |
_9288 _aVoces de la educación |
|
| 942 |
_2ddc _cLI |
||